000 00350 a2200109 4500
001 ART_46467
005 20260410162041.0
008 260409a
245 1 0 _aEl regreso de la factura de crédito dentro de la Ley de Financiamiento productivo
100 1 _aCeteri, José Luis
773 0 _tImpuestos
_g- N°29 (jun. 2018)
_wREV45175
999 _c34859
_d34859